| 000 | 00886 a2200229 4500 | ||
|---|---|---|---|
| 999 |
_c1822 _d1822 |
||
| 020 | _a0314665005 (alk. paper) | ||
| 050 | 0 | 0 | _aHF1017 STA 2010 |
| 100 | 1 |
_aAnderson, David R. _d1941- _eauthor |
|
| 245 | 1 | 0 |
_aStatistics for business and economics / _cDavid R. Anderson, Dennis J. Sweeney, Thomas A. Williams. |
| 250 | _a2th ed. | ||
| 264 |
_aBritain: _bCengage Learning, _c2010 |
||
| 300 |
_axxiv, 928 p. : _bill. ; (some col.) |
||
| 500 | _aIncludes bibliographical references and index. | ||
| 504 | _aIncludes bibliographical references and index. | ||
| 650 | 0 | _aCommercial statistics. | |
| 650 | 0 |
_aEconomics _xStatistical methods. |
|
| 650 | 0 | _aStatistics. | |
| 700 | 1 | _aSweeney, Dennis J. | |
| 700 | 1 |
_aWilliams, Thomas A. _q(Thomas Arthur), _d1944- |
|
| 942 |
_2lcc _cBK _e2nd _h1017 _iSTA _kHF |
||